Statistics for Director by Film

Click here to take the quiz!

General Stats

  • This quiz has been taken 38 times
  • The average score is 12 of 20

Answer Stats

FilmFilmFilmDirector% Correct
Django UnchainedPulp FictionInglourious BasterdsQuentin Tarantino
97%
Raiders of the Lost ArkJurassic ParkSchindler's ListSteven Spielberg
88%
The BirdsPsychoVertigoAlfred Hitchcock
84%
2001: A Space OdysseyThe ShiningA Clockwork OrangeStanley Kubrick
84%
Charlie and the Chocolate FactoryBatmanEdward ScissorhandsTim Burton
78%
The Wolf of Wall StreetThe DepartedTaxi DriverMartin Scorsese
75%
Bram Stoker's DraculaThe GodfatherApocalypse NowFrancis Ford Coppola
72%
Modern TimesCity LightsThe Great DictatorCharles Chaplin
69%
No Country for Old MenFargoThe Big LebowskiThe Coen Brothers
66%
The Lady from ShanghaiCitizen KaneTouch of EvilOrson Welles
63%
GladiatorAlienBlade RunnerRidley Scott
56%
The Dark KnightInceptionInterstellarChristopher Nolan
53%
The Elephant ManBlue VelvetMulholland DriveDavid Lynch
53%
Seven SamuraiRashomonRanAkira Kurosawa
47%
The Shape of WaterPacific RimPan's LabyrinthGuillermo del Toro
47%
Gone GirlSevenFight ClubDavid Fincher
44%
The Seventh SealPersonaWild StrawberriesIngmar Bergman
41%
The Bridge on the River KwaiDoctor ZhivagoLawrence of ArabiaDavid Lean
28%
ContemptBreathlessPierrot le FouJean-Luc Godard
19%
Blade Runner 2049DunePrisonersDenis Villeneuve
16%

Score Distribution

Percentile by Number Answered

Percent of People with Each Score

Your Score History

You have not taken this quiz